书目信息 |
| 题名: |
中文版Word 2003 全能培训教程
|
|
| 作者: | 柏松 主编 | |
| 分册: | ||
| 出版信息: | 上海 上海科学普及出版社 2004.04 |
|
| 页数: | 234页 | |
| 开本: | 28cm | |
| 丛书名: | ||
| 单 册: | ||
| 中图分类: | TP391.12 | |
| 科图分类: | ||
| 主题词: | 计算机应用 | |
| 电子资源: | ||
| ISBN: | 7-5427-2730-3 | |
| 000 | 00593nam0 2200193 45 | |
| 001 | 0477637191 | |
| 005 | 2004052821335712 | |
| 010 | @a7-5427-2730-3@dCNY 19.80 | |
| 100 | @a20040528d2004 km y0chiy0120 ea | |
| 101 | 0 | @achi |
| 102 | @aCN@b310000 | |
| 200 | 1 | @a中文版Word 2003 全能培训教程@AZhong Wen Ban Word 2003 Quan Neng Pei Xun Jiao Cheng@f柏松主编@FBai Song Zhu Bian |
| 210 | @a上海@c上海科学普及出版社@d2004.04 | |
| 215 | @a234页@d28cm | |
| 606 | 0 | @a计算机应用 |
| 690 | @aTP391.12@v3 | |
| 701 | 0 | @a柏松@ABai Song@4主编 |
| 801 | 0 | @aCN@bPFT@c20040528 |
| 905 | @a安徽大学@dTP391.12@eB1661 | |
| 中文版Word 2003 全能培训教程/柏松主编.-上海:上海科学普及出版社,2004.04 |
| 234页;28cm |
| ISBN 7-5427-2730-3:CNY 19.80 |
| ● |
| 相关链接 |
|
|
|
正题名:中文版Word 2003 全能培训教程
索取号:TP391.12/B1661
 
预约/预借
| 序号 | 登录号 | 条形码 | 馆藏地/架位号 | 状态 | 备注 |
| 1 | 378388 | 203783888 | 自科库301/ [索取号:TP391.12/B1661] | 在馆 | |
| 2 | 378389 | 203783897 | 自科二线404/404自科库 18排3列2层/ [索取号:TP391.12/B1661] | 在馆 | |
| 3 | 378390 | 203783904 | 自科库301/ [索取号:TP391.12/B1661] | 在馆 |